[Event "SpeedChess Final 2024"]
[Site "Paris FRA"]
[Date "2024.09.08"]
[Round "2.8"]
[White "Firouzja, Alireza"]
[Black "Carlsen, M.."]
[Result "0-1"]
[WhiteElo "2767"]
[BlackElo "2832"]
[PlyCount "48"]
[EventDate "2024.09.06"]
[EventType "k.o."]

1. d4 Nf6 2. c4 e6 3. Nc3 Bb4 4. a3 Bxc3+ 5. bxc3 Nc6 6. f3 b6 7. e4 Ba6 8. Bg5 h6 9. Bh4 g5 10. Bf2 Nh5 11. h4 Qf6 12. e5 Qg7 13. g3 O-O-O 14. Bd3 $146 ({RR} 14. hxg5 hxg5 15. f4 g4 16. Rh4 f5 17. d5 exd5 18. cxd5 Bxf1 19. Kxf1 Na5 20. Ne2 d6 21. Qd3 Kb7 22. Qxf5 Qh6 23. e6 Nb3 24. Rd1 Rdf8 25. Qxg4 Qh7 26. Rxh5 Qxh5 27. Qxh5 Rxh5 28. Kg2 c6 {Mohammadi,S (1881)-Flores Quillas,D (2353) Las Vegas USA 2023 1-0 (39)}) 14... f6 15. f4 Qf7 16. hxg5 hxg5 17. fxg5 fxg5 18. Qf3 Qxf3 19. Nxf3 Nf4 20. Rxh8 Nxd3+ 21. Ke2 Rxh8 22. Kxd3 Rf8 23. Ke3 Na5 24. Nd2 g4 0-1

[Event "Titled Tue 1st Aug Late"]
[Site "chess.com INT"]
[Date "2023.08.01"]
[Round "8"]
[White "Firouzja, Alireza"]
[Black "Carlsen, M.."]
[Result "1/2-1/2"]
[WhiteElo "2777"]
[BlackElo "2835"]
[PlyCount "66"]
[EventDate "2023.08.01"]

1. d4 d5 2. c4 e6 3. Nc3 Bb4 4. e3 Nf6 5. a3 Be7 6. cxd5 exd5 7. Bd3 O-O 8. Nge2 ({RR} 8. Qc2 c5 9. dxc5 Bxc5 10. Nge2 Nc6 11. O-O d4 12. Ne4 Be7 13. Nxf6+ Bxf6 14. Bxh7+ Kh8 15. Be4 Re8 16. Bxc6 d3 17. Qa4 bxc6 18. Nd4 c5 19. Nf3 Bb7 20. Rd1 Rb8 21. Qc4 Be4 22. Qxf7 Qd6 {Kocharin,T (2255)-Gireman,J (2208) chess.com INT 2025 0-1}) 8... c5 9. dxc5 $146 ({RR} 9. O-O Nc6 10. dxc5 Bxc5 11. b4 Bd6 12. Ng3 Bg4 13. Be2 Be6 14. Bb2 Ne5 15. Nb5 Bb8 16. Nd4 Bg4 17. Bxg4 Nfxg4 18. Ndf5 g6 19. f4 gxf5 20. Nxf5 Bc7 21. fxe5 Qg5 22. Qxg4 {1-0 (22) Sanzhaev,D (2056)-Islamov,M (2210) Kazan 2008}) 9... Bxc5 10. b4 Bd6 11. Bb2 Nc6 12. Nb5 Be5 13. Nbd4 Nxd4 14. Bxd4 Qe7 15. O-O Bg4 16. h3 Bxd4 17. exd4 Bxe2 18. Qxe2 Qxe2 19. Bxe2 Rfc8 20. Rfc1 Kf8 21. Rc5 b6 22. Rcc1 a5 23. bxa5 Rxc1+ 24. Rxc1 Rxa5 25. Rc8+ Ke7 26. Rc7+ Ke6 27. Rc6+ Kd7 28. Rxb6 Rxa3 29. Rb7+ Ke6 30. Rb6+ Ke7 31. Rb7+ Ke6 32. Rb6+ Ke7 33. Rb7+ Ke6 1/2-1/2

[Event "Titled Tue 5th Nov Early"]
[Site "chess.com INT"]
[Date "2024.11.05"]
[Round "5"]
[White "Harsha, B.."]
[Black "Carlsen, M.."]
[Result "0-1"]
[WhiteElo "2531"]
[BlackElo "2831"]
[PlyCount "90"]
[EventDate "2024.11.05"]

1. d4 Nf6 2. c4 e6 3. Nc3 Bb4 4. f3 Nc6 5. e4 e5 6. a3 Bxc3+ 7. bxc3 d6 ({RR} 7... b6) 8. d5 ({RR} 8. Ne2 b6 9. Ng3 Na5 10. Bd3 h5 11. O-O h4 12. Nf5 Bxf5 13. exf5 Qd7 14. Rb1 O-O-O 15. Bg5 c5 16. d5 Rh5 17. f4 Rhh8 18. fxe5 dxe5 19. Qe1 e4 20. Bxf6 Rde8 21. Bxg7 exd3 22. Qd2 Rhg8 {Keymer,V (2690)-Carlsen,M (2835) Baku AZE 2023 ½-½ (56)}) 8... Ne7 9. Bd3 Nd7 $146 ({RR} 9... c6 10. Ne2 h6 11. Rb1 O-O 12. a4 Qc7 13. O-O Rb8 14. Ba3 b6 15. Qe1 Rd8 16. Qg3 Ng6 17. Bc1 Nh5 18. Qf2 Ba6 19. Bd2 cxd5 20. exd5 Bxc4 21. Bxg6 fxg6 22. Rfd1 Qf7 23. Ng3 Nxg3 24. Qxg3 {Al Moaamari,M (1457)-Shaikha,A (1555) Tagaytay City 2014 0-1 (50)}) 10. Ne2 Nc5 11. Be3 Nxd3+ 12. Qxd3 b6 13. a4 f5 14. a5 Bd7 15. O-O O-O 16. Ra3 f4 17. Bd2 g5 18. g4 h5 19. h3 Kg7 20. Rfa1 Rc8 21. axb6 axb6 22. Kg2 Rh8 23. Be1 hxg4 24. hxg4 Qg8 25. Ng1 Qh7 26. Kf1 Qh1 27. R1a2 Ng6 28. Rg2 Rh3 29. Ra7 Nh4 30. Bxh4 gxh4 31. Qe2 Rg3 32. Qf2 h3 33. Rh2 Rxg1+ 34. Qxg1 Qxf3+ 35. Qf2 Qd1+ 36. Qe1 Qxg4 37. Raa2 Kf6 38. Qe2 Qg5 39. Ke1 Rg8 40. Kd2 Qg1 41. Kc2 Rg2 42. Rxg2 hxg2 43. Qh5 Qf2+ 44. Kb3 Qxa2+ 45. Kxa2 g1=Q 0-1

[Event "Titled Tue 2nd Jul Late"]
[Site "chess.com INT"]
[Date "2024.07.02"]
[Round "6"]
[White "Holt, C.."]
[Black "Carlsen, M.."]
[Result "0-1"]
[WhiteElo "2540"]
[BlackElo "2832"]
[PlyCount "90"]
[EventDate "2024.07.02"]

1. d4 Nc6 2. Nf3 Nf6 3. c4 e6 4. Nc3 Bb4 5. Qc2 d6 6. Bd2 e5 7. d5 Bxc3 8. Bxc3 Ne7 9. e4 ({RR} 9. Nd2 O-O 10. e3 a5 11. Bd3 Ng6 12. O-O Nd7 13. b3 Nc5 14. Be2 Qg5 15. Kh1 Bf5 16. e4 Nf4 17. Bf3 Bg4 18. g3 Ne2 19. Bxg4 Qxg4 20. Rae1 f5 21. Bb2 fxe4 22. Qd1 Nxg3+ 23. fxg3 Qxd1 {Shankland,S (2672)-Duda,J (2740) chess.com INT 2024 0-1 (38)}) 9... Bg4 ({RR} 9... O-O 10. g3 Nd7 11. Bg2 f5 12. exf5 Nc5 13. Ng5 Bxf5 14. Ne4 b5 15. b3 bxc4 16. bxc4 Nc8 17. O-O Nb6 18. Bd2 Qe8 19. Be3 Nbd7 20. f3 Qg6 21. Rae1 Rab8 22. Bf2 Rb7 23. Qc3 Bxe4 24. fxe4 {Tang,A (2529)-Nakamura,H (2804) chess.com INT 2025 0-1 (69)}) 10. Nd2 O-O $146 ({RR} 10... c6 11. f3 Bd7 12. dxc6 Nxc6 13. Be2 O-O 14. Nf1 Qb6 15. Qd2 Be6 16. Ne3 Nd4 17. Rd1 Nxe2 18. Kxe2 Ne8 19. b3 Rc8 20. Bb4 Rc6 21. g4 Nf6 22. Rc1 Ra8 23. Rhd1 h6 24. Bxd6 Rd8 25. c5 {Muradli,M (2459)-Pranav,V (2308) New Delhi 2019 1-0 (73)}) 11. h3 Bd7 12. Be2 c5 13. f4 exf4 14. Bxf6 gxf6 15. O-O Ng6 16. Rf2 Qe7 17. Raf1 Rae8 18. Kh1 Qe5 19. Bd3 Kg7 20. Nf3 Qh5 21. Nh2 Re5 22. Be2 Qg5 23. Bd3 Qh6 24. Qb3 b6 25. Qa3 a5 26. Qb3 Rb8 27. Qc2 Rg5 28. Qc3 Rg3 29. Qd2 b5 30. cxb5 Bxb5 31. Bxb5 Rxb5 32. Rf3 Rxf3 33. Rxf3 Rb4 34. Ng4 Qg5 35. Nf2 Ne5 36. Rb3 Rxb3 37. axb3 f3 38. Qxg5+ fxg5 39. Nd1 c4 40. bxc4 Nxc4 41. gxf3 a4 42. Kg2 Nxb2 43. Nc3 a3 44. Kf2 Nd1+ 45. Nxd1 a2 0-1

[Event "Titled Tue 20th Jun Early"]
[Site "chess.com INT"]
[Date "2023.06.20"]
[Round "11"]
[White "Indjic, A.."]
[Black "Carlsen, M.."]
[Result "0-1"]
[WhiteElo "2613"]
[BlackElo "2853"]
[PlyCount "66"]
[EventDate "2023.06.20"]

1. d4 Nf6 2. c4 e6 3. Nc3 Bb4 4. Qc2 d5 5. cxd5 exd5 6. Bg5 h6 7. Bh4 Nc6 8. e3 g5 9. Bg3 h5 10. Bd3 h4 11. Be5 Nxe5 12. dxe5 Nd7 13. a3 Ba5 ({RR} 13... Bf8 14. Nxd5 c6 15. e6 Ne5 16. e7 Bxe7 17. Nxe7 Qxd3 18. Qxd3 Nxd3+ 19. Ke2 Nxf2 20. Nxc8 Nxh1 21. Nd6+ Kd7 22. Nxf7 Rhf8 23. Ne5+ Ke6 24. Ngf3 g4 25. Nxg4 Rg8 26. Nfe5 Rg5 27. Rxh1 Rag8 28. Ra1 {Tessiore,L (2087)-Sarkar,J (2305) Reykjavik ISL 2025 ½-½ (34)}) 14. f4 Bb6 $146 ({RR} 14... c6 15. Nf3 gxf4 16. exf4 Nc5 17. b4 Nxd3+ 18. Qxd3 Bb6 19. Na4 Bg4 20. Nd4 Qe7 21. Rc1 h3 22. g3 Bxd4 23. Qxd4 a5 24. Nb6 Ra6 25. O-O axb4 26. e6 O-O 27. f5 Be2 28. Nd7 fxe6 29. Nxf8 {Michiels,B (2556)-Schoppen,C (2497) Belgium BEL 2023 ½-½ (60)}) 15. Nf3 c6 16. Nxg5 Nxe5 17. O-O Ng4 18. Kh1 Nxe3 19. Rae1 Kf8 20. Rxe3 Bxe3 21. Ne2 Qf6 22. Rf3 Bb6 23. Nc3 Bg4 24. Rf1 Re8 25. Na4 Bd4 26. Nc5 Re7 27. b4 h3 28. gxh3 Bxh3 29. Nxh3 Rxh3 30. Qg2 Rhe3 31. Rg1 Qg7 32. Qf2 Qxg1+ 33. Qxg1 Re1 0-1

[Event "Moscow Tal Memorial 2nd"]
[Site "Moscow"]
[Date "2007.11.12"]
[Round "3"]
[White "Jakovenko, Dmitrij"]
[Black "Carlsen, Magnus"]
[Result "0-1"]
[WhiteElo "2710"]
[BlackElo "2714"]
[Annotator "Carlsen,Magnus"]
[PlyCount "82"]
[EventDate "2007.11.10"]
[EventType "tourn"]
[EventRounds "9"]
[EventCountry "RUS"]
[EventCategory "20"]
[SourceTitle "CBM 122"]
[Source "ChessBase"]
[SourceDate "2008.01.30"]
[SourceVersion "1"]
[SourceVersionDate "2008.01.30"]
[SourceQuality "1"]

1. d4 {Marin,Mihail} Nf6 2. c4 e6 3. Nc3 Bb4 4. Nf3 {I hadn't seen Jakovenko play this before, so I was somewhat surprised. I soon remembered that Grischuk played this way against Gelfand in the World championship, so Jakovenko had to be well prepared for the main lines with c5. Anyway I decided to follow my preparation. Dies hatte ich bei Jakovenko zuvor noch nicht gesehen, daher war ich etwas überrascht. Bald fiel mir ein, dass Grischuk bei der Weltmeisterschaft gegen Gelfand auch so gespielt hatte, also musste Jakovenko für die Hauptabspiele mit c5 gut gewappnet sein. Trotzdem beschloss ich, meiner Vorbereitung zu folgen.} c5 ({RR} 4... b6) 5. g3 cxd4 6. Nxd4 O-O ({RR} 6... Ne4 7. Qd3 Bxc3+ 8. bxc3 Nc5 9. Qf3 d6 10. Bg2 e5 11. Nf5 Qf6 12. Ne3 Qxf3 13. Bxf3 Be6 14. Ba3 Nba6 15. O-O-O Ke7 16. Bg2 Rad8 17. f4 f6 18. Rhf1 b6 19. g4 Nc7 20. h4) 7. Bg2 d5 8. cxd5 Nxd5 9. Qb3 Qa5 10. Bd2 Nc6 11. Nxc6 bxc6 12. O-O Bxc3 13. bxc3 Ba6 14. Rfd1 Qc5 (14... Rab8 15. c4 Qc5 16. cxd5 Rxb3 17. axb3 {and bzw.}) (14... Bxe2 15. c4 {are both known to give White relatively risk-free pressure. gibt Weiß bekanntlich relativ risikofreien Druck.}) 15. e4 Bc4 16. Qa4 Nb6 17. Qb4 Qh5 18. Bf4 ({RR} 18. Re1 c5 ({RR} 18... Be2 19. h3 Rfd8 ({RR} 19... c5 20. Qb3) 20. Bf4 Rac8 ({RR} 20... e5 21. g4 Qg6 22. Bxe5) 21. g4 Qb5 22. a4 Qa6 23. a5) 19. Qa5 Rfc8 20. Be3 ({RR} 20. Bf4 e5 21. Be3 Be6) 20... Be2 21. Bf4 ({RR} 21. h3 Nc4 22. Qa6 Nxe3 23. Rxe2 Nxg2 24. Kxg2 Qe5) 21... e5 22. Be3 ({RR} 22. Bxe5 Nc4 23. Qa6 Qxe5 24. Rxe2 Qxc3) 22... Bg4 ({RR} 22... Nc4 23. Qa6 Nxe3 ({RR} 23... Bd3 24. Rad1) 24. Rxe2 Nxg2 25. Kxg2) ({RR} 22... f6 23. Bxc5 Nc4 24. Qb5 Rab8 25. Qd7 Rxc5 26. Rab1 Rb6 ({RR} 26... Rf8 27. Rb7 Qf7 28. Rxe2) ({RR} 26... Rxb1 27. Rxb1 h6 ({RR} 27... Nb6 28. Qxa7) 28. Bh3) 27. Bh3 Kf8 28. Rxb6 axb6 29. Be6 Qe8 30. Qxe8+ Kxe8 31. Rxe2) ({RR} 22... h6 23. h3) 23. Qa6 f6 24. a4 Qf7 25. Bf1 Be6 26. Rab1 ({RR} 26. a5 Bc4 27. Bxc4 Nxc4 ({RR} 27... Qxc4 28. axb6) 28. Rab1 Rc7) 26... c4 ({RR} 26... Rc7 27. Rxb6) ({RR} 26... Bc4 27. Bxc4 Qxc4 ({RR} 27... Nxc4 28. Rb7) 28. Rxb6) ({RR} 26... f5 27. exf5) 27. a5 Na4 ({RR} 27... Nd7 28. Rb7) 28. Rb7 Qe8 29. Qd6 {1-0 (29) Kramnik,V (2772)-Anand,V (2783) Bonn 2008 CBM 127 [Marin,Mihail]} {RR} Bf7 30. Qb4 Rab8 31. a6) ({RR} 18. Be3 Be2 19. Rd2 Rab8 20. Bxb6 axb6 21. Qd6 Rfc8 ({RR} 21... Bf3 22. Qxc6 Bxg2 23. Kxg2 Qe5 24. Qc4 Rfc8 25. Qd4 Qa5 26. Rb1 h6 27. Rb4 Qc5 28. Rd3 Qc7) 22. Rb1 h6 23. e5 Bf3 24. a4 Ra8 25. Qd4 b5 26. Bxf3 Qxf3 27. Rd3) ({RR} 18. Be3 Be2 19. Re1 Nc4 20. Qc5 Nxe3 21. Qxe3 Bc4 22. Qd4 Be2 23. Qd6 Rac8 24. h3 Rfd8 25. Qe7 a5 26. g4 Qb5 27. Rab1 Qc4 28. Rb7 Rf8 29. Qa3 c5 30. Qxa5 Ra8 31. Ra7 Rxa7 32. Qxa7 h5 {Chatalbashev,B (2466)-Hammer,J (2596) Hell NOR 2024 ½-½ (35)}) 18... c5 (18... Be2 19. Re1 c5 20. Qb3 e5 21. Bc1 {was the Grischuk-Gelfand game, where White developed some pressure. war die Grischuk-Gelfand-Partie, wo Weiß einigen Druck entwickelte.}) ({RR} 18... e5) ({RR} 18... Be2) 19. Qb2 (19. Qa5 {was Cheparinov-Carlsen from the World cup. This game was played only a little more than 3 weeks later (but still in Russia!). After playing a few more moves relatively quickly I realised that there was an embarrassing flaw in my preparations, after which I had to defend an endgame a pawn down, which I luckily managed to do. The former game continued war Cheparinov-Carlsen aus dem World Cup. Diese Partie fand nur etwas mehr als 3 Wochen später statt (aber noch immer in Russland!). Nachdem ich relativ schnell ein paar Züge gemacht hatte, dämmerte mir, dass meine Vorbereitungen ein peinliches Loch hatten, wonach ich ein Endspiel mit Minusbauern verteidigen musste, was mir glücklicherweise gelang. Weiter ging es mit} e5 20. Be3 Be2 21. Re1 Nc4 ({RR} 21... Rfc8) 22. Qa6 Nxe3 23. Rxe2 Nxg2 24. Kxg2 {The position is quite symmetrical, but the black pawns are weaker than the white ones, and one of them is bound to fall fairly soon, which did indeed happen in the game. Die Stellung ist ziemlich symmetrisch, aber die schwarzen Bauern sind schwächer als die weißen, und einer von ihnen muss ziemlich bald fallen, was auch tatsächlich in der Partie geschah.}) ({RR} 19. Qa5 e5 20. Be3 Be2 21. Re1 Nc4 22. Qa6 Nxe3 23. Rxe2 Nxg2 24. Kxg2 Rad8 25. Rae1 Rd7 26. Qb5 Rfd8 ({RR} 26... Rc7 27. Rd2) 27. Qxc5) 19... Rad8 {This appears to be a novelty. I had indeed prepared the move at home, but it's probably the most natural move anyway, so I guessed that Jakovenko had taken it into account Dies scheint eine Neuerung zu sein. Tatsächlich hatte ich den Zug zu Hause vorbereitet, aber es wahrscheinlich sowieso die natürlichste Fortsetzung, daher vermutete ich, dass Jakovenko ihn auf dem Zettel hatte.} 20. Re1 $146 {He spend some time for this move, which was a surprise for me. Anyway I couldn't remember what to do against it anyway, so I think we were both on our own from now on Für diesen Zug brauchte er einige Bedenkzeit, was mich überraschte. Wie dem auch sei, ich konnte mich sowieso nicht mehr daran erinnern, was dagegen zu tun war, also denke ich, von jetzt an waren wir beide auf uns allein gestellt.} (20. Rxd8 Rxd8 21. h3 {and und}) (20. f3 {were two of the most important alternatives. waren zwei der wichtigsten Alternativen.}) ({RR} 20. Rd2 e5 21. Be3 Be6 22. Rxd8 Rxd8 23. f3 Nc4 24. Qf2 h6 25. Bxc5 Rd2 26. Qf1 a5 27. a4 Qg5 28. Qe1 Rd3 29. Rd1 Qd8 30. Rxd3 Qxd3 31. f4 Nd2 32. Be3 Nxe4 33. fxe5 Nxc3 34. Bf1 Qc2 {Feller,S (2523)-Sokolov,A (2561) Pau 2008 ½-½ (36)}) ({RR} 20. Rxd8 Rxd8 21. f3 f5 22. exf5 Qxf5 23. Re1 Qd5 24. Qa3 Qc6 25. Qxa7 Ra8 26. Qe7 Nd5 27. Qd6 Qxd6 28. Bxd6 Nxc3 29. Bxc5 Rxa2 30. Bf1 Bxf1 31. Kxf1 Kf7 {½-½ (31) Bacrot,E (2691)-Carlsen,M (2775) Biel 2008}) 20... Rd7 {I liked this move, which prepares the doubling of the rooks, while at the same time protecting the a-pawn, enabling me to meet a3 with c8. Apparently, Black has no problems here. Dieser Zug gefiel mir - er bereitet die Turmverdopplung vor und deckt gleichzeitig den a-Bauern, was mir ermöglicht, a3 mit c8 zu begegnen. Offenbar hat Schwarz keine Probleme hier.} 21. h3 {A natural move, giving the king some air and preparing g4 in some lines. Ein natürlicher Zug, dem König wird etwas Luft verschafft und in manchen Abspielen g4 vorbereitet.} h6 {I decided to make a useful waiting move, since Ich beschloss, einen nützlichen Wartezug zu machen, denn} (21... Rfd8 22. Qa3 {isn't really desirable; the rook will have to go to c8 anyway. ist nicht wirklich wünschenswert; der Turm wird sowieso nach c8 gehen müssen.}) 22. a4 {My opponent probably felt that since he didn't have many useful moves he had to do something active. Da er nicht viele nützliche Züge hatte, glaubte mein Gegner vermutlich, etwas Aktives unternehmen zu müssen.} Ba6 $1 {I have to make space for the knight. I like this move better than d3, as the bishop seemed to be a little loose there in some lines. Ich muss Platz für den Springer machen. Dieser Zug gefällt mir besser als d3, denn dort schien der Läufer in manchen Varianten etwas in der Luft zu hängen.} 23. Qa2 {The sharpest move, but probably not the best one, as Black seems to benefit from the coming complications. I think my opponent offered a draw here (or maybe on the next move), but since I was ahead on time and liked my position, I declined Der schärfste Zug, aber wahrscheinlich nicht der beste, da die kommenden Komplikationen Schwarz zu begünstigen scheinen. Ich glaube, hier (oder im nächsten Zug) bot mein Gegner Remis an, aber da ich in der Bedenkzeit vorn lag und mir meine Stellung gefiel, lehnte ich ab.} (23. g4 Qh4 24. Red1 {was safer and probably better, but Black is certainly not worse in any case. war sicherer und womöglich besser, aber so oder so steht Schwarz bestimmt nicht schlechter.}) 23... Rfd8 24. a5 Nc4 25. Bf1 (25. e5 {This move, preventing e5, was an important alternative, I would then have had to play the energetic Dieser Zug, der e5 verhindert, war eine wichtige Alternative; darauf hätte ich das energische} g5 $1 26. g4 (26. Bc1 $2 Rd1 27. Ba3 Rxe1+ 28. Rxe1 Rd1 29. Rxd1 Qxd1+ 30. Kh2 Qa4 $19) 26... Qg6 27. Be4 Qg7 28. Bg3 Nd2 {with very active play and probably the better chances. spielen müssen, mit sehr aktivem Spiel und wahrscheinlich den besseren Chancen.}) 25... e5 26. g4 {Practically forced as Praktisch erzwungen, denn} (26. Bc1 Rd1 27. g4 Rxe1 $1 28. gxh5 Rdd1 {is disastrous for White. ist katastrophal für Weiß.}) 26... Qg6 27. Bxc4 exf4 $1 (27... Bxc4 28. Qxc4 exf4 29. Qxc5 Rd3 {with good counterplay for the pawn was possible, but rather drawish-looking. I wanted more at this point. mit gutem Gegenspiel für den Bauern war möglich, sah aber ziemlich remislich aus. Zu diesem Zeitpunkt wollte ich mehr.}) 28. Bd5 {The logical follow-up. Die logische Folge.} f3 {The key move. Black is just in time to prevent White from playing c4 with the better position. h6-h5 is a big threat now. Der Schlüsselzug. Schwarz kommt gerade rechtzeitig, um Weiß daran zu hindern, c4 mit besserer Stellung zu spielen. Jetzt ist h6-h5 eine schwere Drohung.} 29. c4 $2 {White simply doesn't have time for this. Dazu hat Weiß einfach keine Zeit.} (29. Re3 Be2 30. Rxe2 fxe2 31. Qxe2 Rb8 {is not very pleasant for White, but it does give him reasonable chances for survival due to his strong bishop. ist nicht sonderlich angenehm für Weiß, gibt ihm angesichts seines starken Läufers aber doch ordentliche Überlebenschancen.}) 29... h5 30. Kh2 Qf6 $1 {Threathening f4 in some lines, and quite importantly, attacking the apparently well protected a1-rook. Droht in einigen Abspielen f4 und greift, ganz wichtig, den scheinbar gut gedeckten Turm a1 an.} 31. Rg1 hxg4 32. Rab1 $2 {The final mistake. White had to try Der letzte Fehler. Versuchen musste Weiß} (32. Rxg4 Bxc4 33. Qxc4 $1 (33. Bxc4 Rd2 34. Qa4 (34. Qa3 Rxf2+ 35. Kg1 Qd4 $19) 34... Rxf2+ 35. Kg1 Rfd2 $1 {with the lethal threats of d4+ and e5-h2. mit den tödlichen Drohungen d4+ und e5-h2.} (35... Qd4 $4 36. Bxf7+ $1 $18)) 33... Qxa1 34. Qxc5 {with some saving chances. mit einigen Rettungschancen.}) (32. Rac1 Qf4+ 33. Kh1 Qh6 $1 {was certainly not better than the game. war bestimmt nicht besser als die Partie.}) 32... Bxc4 $1 {I guess my opponent missed this stroke, which combines a couple of tactical motifs. Ich schätze, diesen Schlag, der einige taktische Motive miteinander kombiniert, hatte mein Gegner übersehen.} 33. Qxc4 Qf4+ 34. Rg3 Rxd5 35. Qxd5 Rxd5 36. exd5 c4 {The simplest. White has such bad coordination that it's hard to stop the c-pawn. Am einfachsten. Weiß hat eine derart schlechte Koordination, dass es schwer ist, den c-Bauern aufzuhalten.} 37. Rd1 {A desperate attempt. But White was lost anyway. Ein verzweifelter Versuch. Aber Weiß war sowieso verloren.} c3 38. d6 c2 39. Rd3 Qc4 (39... c1=Q 40. d7 Qc2 41. d8=Q+ Kh7 42. Qh4+ Qh6 {would also have won, but I tried to be precise till the end. hätte ebenfalls gewonnen, aber ich versuchte, bis zum Ende genau zu spielen.}) 40. Re3 Qc6 (40... c1=Q 41. d7 Qd2 {was quicker, but the text is more than sufficient. ging schneller, aber der Textzug ist mehr als ausreichend.}) 41. Rd3 Qc5 $1 {And since 42.d2 c1= would attack the white rook White has no sensible way to protect f2, so he resigned. My only victory in the Tal memorial so far, but a very pleasing one! Und da 42.d2 c1= den weißen Turm angreifen würde, hat Weiß keine vernünftige Möglichkeit, f2 zu decken, daher gab er auf. Mein einziger Sieg im Tal Memorial bislang, aber ein sehr angenehmer!} 0-1